| 000 | 00999nam a2200253 a 4500 | ||
|---|---|---|---|
| 001 | 000040568 | ||
| 005 | 20201002034224.0 | ||
| 008 | 130902s2002 sp 001 0 spa d | ||
| 020 | _a8484830772 | ||
| 040 |
_aDO-SdBNP _bspa _cBNPHU |
||
| 082 |
_axxx _bxxxx |
||
| 100 | 1 |
_aVerzosa, Juan de; prólogo, Juan Gil; introducción, edición crítica, traducción anotada e índices, José María Maestre Maestre _966891 |
|
| 245 | 1 | 0 |
_aAnales del reinado de Felipe II. / _cJuan de Verzosa. |
| 260 |
_aMadrid, España : _bInstituto de estudios humanísticos, _c2002. |
||
| 300 |
_accxxx, 280 p. ; _c24 cm. |
||
| 490 | 1 |
_aTextos y estudios humanisticos _aTextos |
|
| 500 | _aÍndice cronológico de hechos históricos | ||
| 500 | _aÍndice alfabético de hechos históricos | ||
| 500 | _aIndex nominvm | ||
| 500 | _aÍndice de nombres propios | ||
| 700 | 1 |
_aMaestre Maestre, José María _943470 |
|
| 700 | 1 |
_aGil, Juan _eprol. _966892 |
|
| 830 | 0 |
_aTextos y estudios humanisticos _gserie textos _966893 |
|
| 999 |
_c40058 _d40058 |
||